000 00595nmm a2200169Ia 4500
008 251105s9999||||xx |||||||||||||||||und||
020 _a9789587385250
041 _aspa
100 _aQuintero, Gustavo
245 0 _aActividades Integradoras del Aprendizaje por Sistemas, AIAS : Manual para la facilitación en el aula de pequeños grupos
264 _a[Bogotá, Colombia] :
_bUniversidad del Rosario,
_c2014
300 _a124 páginas
490 _aTextos de medicina y de ciencias humanas
650 _aEducation
856 _uhttps://public.digitaliapublishing.com/a/46376
942 _cCF
999 _c95803
_d95803